Biblioteca

La tentación de los atajos (Registro nro. 51418)

Detalles MARC
000 -LÍDER
Campo fijo de descripción fija 00926aab a2200205 i 4500
001 - NÚMERO DE CONTROL
Campo de control 768714001
003 - IDENTIFICADOR DEL NÚMERO DE CONTROL
Campo de control CO-MdFUSB
005 - FECHA Y HORA DE LA ULTIMA TRANSACCIÓN
control field 20240422100606.0
008 - ELEMENTOS DE LONGITUD FIJA -- INFORMACIÓN GENERAL
Campo fijo de descripción fija -- Información general 240417t1983 ag ||||| |||| 00| 0 spa d
040 ## - FUENTE DE CATALOGACIÓN
Idioma de catalogación spa
Agencia que realiza la transcripción CO-MdFUSB
041 ## - CÓDIGO DE IDIOMA
Código de idioma para texto/pista de sonido o título separado spa
100 1# - ASIENTO PRINCIPAL--NOMBRE PERSONAL
Nombre personal Roberts, W. Dayton
Término relacionador autor
245 ## - TÍTULO
Título La tentación de los atajos
Mención de responsabilidad / W. Dayton Roberts
300 ## - DESCRIPCIÓN FÍSICA
Extensión Volumen 2, número 4, (diciembre, 1983), páginas: 13 - 15
Dimensiones ; 27 cm
520 ## - NOTA DE RESUMEN, ETC.
Nota de sumario, etc. Esta es la visión global que Jesús quiere que vean sus seguidores. Dondequiera que haya necesidad y descuido humanos, hay un campo misionero para la iglesia. Y aunque esta misión puede incluir ofrecer pan a los que tienen hambre (como experimentó Jesús en algunas situaciones).
650 #7 - ASIENTO SECUNDARIO DE MATERIA - TERMINO TEMÁTICO
Término temático o nombre geográfico como elemento de entrada Fe
9 (RLIN) 531
650 #7 - ASIENTO SECUNDARIO DE MATERIA - TERMINO TEMÁTICO
Término temático o nombre geográfico como elemento de entrada Ética cristiana
9 (RLIN) 185
773 0# - ASIENTO DE ITEM FUENTE
Título Iglesia y Misión
Biblionumber 49402
Itemnumber 59626
Parte(s) relacionada(s) / Volumen., número. (mes año), páginas Volumen 2, número 4, (diciembre, 1983), páginas: 13 - 15
Enumeración y primera página página: 13
942 ## - TIPO DE MATERIAL (KOHA)
Tipo de Item KOHA Artículos de Revista

No hay ítems disponibles.

Biblioteca FUSBC | Teléfono: (57+4) 349 88 10 Ext. 141| WhatsApp (+57) 3005338115 
E-mail: biblioteca@unisbc.edu.co | Calle 76 87-14 Robledo Palenque, Medellín, Colombia

Con tecnología Koha